| 000 | 00426nam a22001817a 4500 | ||
|---|---|---|---|
| 005 | 20230918152100.0 | ||
| 008 | 230918b |||||||| |||| 00| 0 eng d | ||
| 082 |
_a658.8 _bKOT-M |
||
| 100 | _aKotler philip | ||
| 245 | _aMarketing management | ||
| 250 | _a14th ed. | ||
| 260 |
_aIndia _bsout asian _c1996 |
||
| 300 | _a120 | ||
| 500 | _aIncludes index | ||
| 650 | _aManagement | ||
| 700 | _aPhilip kotler | ||
| 999 |
_c33605 _d33605 |
||